Language Quiz

Random Language or Letter Quiz
Score 0/24 Timer 02:00
0 Plays Today
Letter % Correct
Alpha
99.9%
Beta
99.5%
Delta
95.3%
Gamma
94.4%
Epsilon
90.6%
Zeta
76.4%
Eta
76.2%
Theta
75.2%
Kappa
74.6%
Iota
73.9%
Mu
73.6%
Nu
73.2%
Letter % Correct
Lambda
72.9%
Omega
68.1%
Pi
67.4%
Omicron
65.7%
Xi
65.1%
Rho
64.8%
Sigma
63.5%
Tau
61.2%
Upsilon
58.6%
Phi
57.9%
Chi
57%
Psi
56.6%
Remove Ads.
Support Sporcle.
Get the best of Sporcle when you Go Orange. This ad-free experience offers more features, more stats, and more fun while also helping to support Sporcle. Thank you for becoming a member.

You're not logged in!

Compare scores with friends on all Sporcle quizzes.
OR
Log In

Sporcle TV

Today on Sporcle TV


Watch our educational content, quiz creation guides, and fun videos on Sporcle TV.

Show Comments

Extras

Top Quizzes Today


Score Distribution

Paid Content

Your Account Isn't Verified!

In order to create a playlist on Sporcle, you need to verify the email address you used during registration. Go to your Sporcle Settings to finish the process.

Report this User

Report this user for behavior that violates our Community Guidelines.

Details: